[Event "Sant Adria de Besos op 17th"]
[Site "Sant Adria de Besos"]
[Date "2023.05.28"]
[Round "6"]
[White "Rodriguez Regull, German"]
[Black "Fabregas Fontanet, Antonio"]
[Result "0-1"]
[WhiteElo "2085"]
[BlackElo "1973"]
[PlyCount "90"]
[EventDate "2023.04.02"]
[EventType "swiss"]
[EventRounds "9"]
[EventCountry "ESP"]
[SourceTitle "EXT 2024"]
[Source "ChessBase"]
[SourceDate "2023.10.10"]
[SourceVersion "1"]
[SourceVersionDate "2023.10.10"]
[SourceQuality "1"]

1. e4 g6 2. d4 Bg7 3. Nc3 d6 4. Nf3 Bg4 5. Be2 Nc6 6. Be3 Nf6 7. 0-0 0-0 8. Qd2 e5 9. d5 Ne7 10. h3 Bd7 11. Nh2 c6 12. f4 cxd5 13. exd5 Nf5 14. fxe5 Nxe3 15. Qxe3 dxe5 16. Kh1 Re8 17. Rad1 e4 18. g4 Re5 19. Qf4 Qe8 20. Qe3 h6 21. Rg1 a6 22. Nf1 b5 23. a3 Qe7 24. Ng3 Re8 25. Rgf1 Nh7 26. Kg2 Qh4 27. Rf2 h5 28. Rh1 Ng5 29. Nf1 Nh7 30. Qf4 f5 31. gxf5 Qxf4 32. Rxf4 Bxf5 33. Ng3 Bh6 34. Rff1 Bd7 35. h4 Bg7 36. Rf4 Nf6 37. Rhf1 Nxd5 38. Nxd5 Rxd5 39. c3 Rd2 40. Rd1 Bc6 41. Rff1 e3+ 42. Kh3 Be5 43. Rxd2 exd2 44. Nh1 Bc7 45. Bd1 Re3+ 0-1

[Event "Barcelona Ciutat op-B"]
[Site "Barcelona"]
[Date "2021.08.26"]
[Round "9"]
[White "Rodriguez Regull, German"]
[Black "Bogdanov, Artyom"]
[Result "0-1"]
[WhiteElo "1889"]
[BlackElo "1567"]
[PlyCount "110"]
[EventDate "2021.08.18"]
[EventType "swiss"]
[EventRounds "9"]
[EventCountry "ESP"]
[SourceTitle "EXT 2022"]
[Source "ChessBase"]
[SourceDate "2021.10.06"]
[SourceVersion "1"]
[SourceVersionDate "2021.10.06"]
[SourceQuality "1"]

1. e4 c5 2. Nf3 e6 3. d4 cxd4 4. Nxd4 a6 5. Bd3 Qc7 6. 0-0 Nf6 7. Qe2 Bc5 8. Nb3 Be7 9. c4 Nc6 10. Nc3 Ne5 11. Bf4 d6 12. Rad1 0-0 13. Bg3 b6 14. f4 Nxd3 15. Qxd3 Bb7 16. f5 exf5 17. Rxf5 Rac8 18. Nd2 Qd7 19. Nd5 Nxd5 20. exd5 b5 21. b3 Bd8 22. Rdf1 g6 23. R5f3 f5 24. Kh1 Be7 25. Bf2 Rfe8 26. Bd4 Bf8 27. R3f2 bxc4 28. Nxc4 Qb5 29. Bb2 Re7 30. Rd2 Rf7 31. Re1 Re8 32. Rf1 Rfe7 33. Rdd1 Rf7 34. h3 Ba8 35. Ba3 Rd7 36. Kh2 Bg7 37. Qf3 Re4 38. Kh1 Be5 39. Nxe5 dxe5 40. Qc3 Bb7 41. d6 Re2 42. Rg1 f4 43. Rde1 Kf7 44. Rxe2 Qxe2 45. Qc4+ Qxc4 46. bxc4 Ke6 47. Rf1 g5 48. Kg1 h5 49. Rc1 e4 50. c5 Bc6 51. Bb4 g4 52. hxg4 hxg4 53. g3 e3 54. Rc4 Rh7 55. Kf1 Bb5 0-1

[Event "Sant Andreu Seniors"]
[Site "Barcelona"]
[Date "2019.09.21"]
[Round "2"]
[White "Rodriguez Regull, German"]
[Black "Garcia Castillo, Josep A"]
[Result "1-0"]
[WhiteElo "1915"]
[BlackElo "1929"]
[PlyCount "67"]
[EventDate "2019.09.14"]
[EventType "tourn"]
[EventRounds "9"]
[EventCountry "ESP"]
[SourceTitle "CBM 195 Extra"]
[Source "ChessBase"]
[SourceDate "2020.05.31"]
[SourceVersion "1"]
[SourceVersionDate "2020.05.31"]
[SourceQuality "1"]

1. e4 Nf6 2. e5 Nd5 3. d4 d6 4. exd6 exd6 5. c4 Nb6 6. Bd3 Nc6 7. Be3 Be7 8. Nc3 Bf6 9. Nge2 Bg4 10. h3 Bh5 11. g4 Bg6 12. b3 Nb4 13. Bb1 c6 14. a3 Na6 15. Bd3 d5 16. c5 Bxd3 17. Qxd3 Nd7 18. b4 Nc7 19. Rg1 h6 20. 0-0-0 b5 21. f4 g5 22. Ng3 Ne6 23. Rde1 Kf8 24. Nh5 gxf4 25. Nxf4 Nxf4 26. Bxf4 Bg5 27. Rgf1 Qf6 28. Bd2 Bxd2+ 29. Kxd2 Qg5+ 30. Kc2 Kg7 31. Rf5 Qg6 32. Ref1 f6 33. Ne2 Rae8 34. Nf4 1-0

[Event "Barcelona Sants op 21st"]
[Site "Barcelona"]
[Date "2019.08.27"]
[Round "5"]
[White "Ingunza Lopez, Txema"]
[Black "Rodriguez Regull, German"]
[Result "0-1"]
[WhiteElo "1824"]
[BlackElo "1944"]
[PlyCount "142"]
[EventDate "2019.08.23"]
[EventType "swiss"]
[EventRounds "10"]
[EventCountry "ESP"]
[SourceTitle "EXT 2020"]
[Source "ChessBase"]
[SourceDate "2019.10.17"]
[SourceVersion "1"]
[SourceVersionDate "2019.10.17"]
[SourceQuality "1"]

1. e4 Nf6 2. e5 Nd5 3. d4 d6 4. Nf3 g6 5. Bc4 Nb6 6. Bb3 Bg7 7. 0-0 0-0 8. exd6 cxd6 9. h3 Nc6 10. Nc3 d5 11. Bf4 Bf5 12. Re1 h6 13. Qd2 g5 14. Be5 Nxe5 15. Nxe5 e6 16. Ne2 Bh7 17. Ng3 Rc8 18. c3 Kh8 19. Bc2 Bxe5 20. dxe5 Nc4 21. Qe2 Bg6 22. Nh5 Nb6 23. Bxg6 fxg6 24. Nf6 Nd7 25. Nxd7 Qxd7 26. Rad1 Qg7 27. Rd3 Rf5 28. Rf3 Rcf8 29. Rxf5 gxf5 30. c4 Rd8 31. Rd1 d4 32. Rd3 Qc7 33. b3 Kg7 34. g3 Qc6 35. f4 Qe4 36. Qf3 gxf4 37. gxf4 Kh7 38. Kf2 a5 39. a3 Kg7 40. b4 axb4 41. axb4 Kf8 42. h4 Rd7 43. h5 Ke8 44. Qg3 Kd8 45. Qf3 Kc7 46. Qg3 Kc6 47. Qg2 b5 48. c5 Kd5 49. Qf3 Qxf3+ 50. Kxf3 Kc4 51. Ke2 Kxb4 52. c6 Rc7 53. Rxd4+ Kc5 54. Rd7 Rxc6 55. Rh7 Kd4 56. Rxh6 Ke4 57. Rh7 Kxf4 58. Rb7 Kxe5 59. h6 Rc2+ 60. Kf3 Rh2 61. h7 Kf6 62. Kg3 Rh6 63. Kf3 Kg6 64. Re7 Kf6 65. Rb7 b4 66. Ke2 b3 67. Kd2 b2 68. Kc2 Rh2+ 69. Kb1 f4 70. h8Q+ Rxh8 71. Kxb2 Rc8 0-1

[Event "Hospitalet de Llobregat op 4th"]
[Site "Hospitalet de Llobregat"]
[Date "2019.05.25"]
[Round "7"]
[White "Cervello Tost, Roger"]
[Black "Rodriguez Regull, German"]
[Result "1-0"]
[WhiteElo "2060"]
[BlackElo "1955"]
[PlyCount "61"]
[EventDate "2019.04.06"]
[EventType "swiss"]
[EventRounds "9"]
[EventCountry "ESP"]
[SourceTitle "CBM 190 Extra"]
[Source "ChessBase"]
[SourceDate "2019.07.15"]
[SourceVersion "1"]
[SourceVersionDate "2019.07.15"]
[SourceQuality "1"]

1. e4 Nf6 2. e5 Nd5 3. d4 d6 4. Nf3 Nb6 5. Bd3 g6 6. 0-0 Bg7 7. Re1 0-0 8. Bf4 Nc6 9. c3 Bg4 10. h3 Bxf3 11. Qxf3 e6 12. Nd2 Nd5 13. Bg3 dxe5 14. dxe5 Qe7 15. Rad1 a6 16. Be4 Rad8 17. Nb3 Kh8 18. Bxd5 exd5 19. Rxd5 Rxd5 20. Qxd5 Rd8 21. Qe4 Qe6 22. f4 b6 23. Bh4 Re8 24. Qd3 a5 25. Rd1 a4 26. Nd4 Nxd4 27. Qxd4 Qxa2 28. Qd7 Rg8 29. Qe7 Qxb2 30. Qxf7 Rf8 31. Bf6 1-0

[Event "Hospitalet de Llobregat op 4th"]
[Site "Hospitalet de Llobregat"]
[Date "2019.04.06"]
[Round "1"]
[White "Paez Nunez, David"]
[Black "Rodriguez Regull, German"]
[Result "0-1"]
[WhiteElo "1534"]
[BlackElo "1955"]
[PlyCount "156"]
[EventDate "2019.04.06"]
[EventType "swiss"]
[EventRounds "9"]
[EventCountry "ESP"]
[SourceTitle "CBM 190 Extra"]
[Source "ChessBase"]
[SourceDate "2019.07.15"]
[SourceVersion "1"]
[SourceVersionDate "2019.07.15"]
[SourceQuality "1"]

1. Nf3 d5 2. b3 e6 3. Bb2 f5 4. e3 Nf6 5. c4 Bd6 6. cxd5 exd5 7. Be2 0-0 8. d3 Qe7 9. 0-0 Nbd7 10. Nbd2 c6 11. Nd4 Ne5 12. N4f3 Neg4 13. h3 Nh6 14. Re1 Bd7 15. Nf1 f4 16. Qc1 fxe3 17. fxe3 Nf5 18. Bc3 Rae8 19. Bd2 Bc5 20. d4 Bd6 21. Bd3 Ne4 22. Bxe4 dxe4 23. N3h2 Ng3 24. Nxg3 Bxg3 25. Rf1 Qd6 26. Rxf8+ Rxf8 27. Nf1 Bf2+ 28. Kh1 Qh6 29. Nh2 Rf6 30. Qc4+ Be6 31. Qe2 Qh4 32. Be1 h5 33. Bc3 Rf7 34. Rf1 Qg3 35. Be1 Bxe1 36. Qxe1 Rxf1+ 37. Qxf1 Qxe3 38. Qd1 g6 39. Nf1 Qf2 40. Nh2 Bd5 41. Qb1 Qxd4 42. Qf1 Qe5 43. Qb1 Kg7 44. Qe1 Qb2 45. Nf1 Qxa2 46. Qc3+ Kh7 47. Qf6 Qxb3 48. Qe7+ Bf7 49. Qxe4 Qe6 50. Qa4 a6 51. Kh2 Qe5+ 52. Kg1 Bd5 53. Qa5 Qe7 54. Kh2 c5 55. Nd2 Qd6+ 56. Kg1 Bc6 57. Kh1 Kh6 58. Nc4 Qe6 59. Qd2+ Kh7 60. Qd3 Be4 61. Qc3 b5 62. Ne3 Qxh3+ 63. Kg1 Bxg2 64. Qxc5 Bf3 65. Qc7+ Kg8 66. Qb8+ Kf7 67. Qc7+ Kf6 68. Qd8+ Ke5 69. Qc7+ Ke4 70. Qe7+ Kf4 71. Qb4+ Kxe3 72. Qc3+ Kf4 73. Qf6+ Qf5 74. Qh4+ Bg4 75. Qf2+ Kg5 76. Qe3+ Kf6 77. Qd4+ Qe5 78. Qd8+ Kf7 0-1

[Event "Barcelona Ponce Memorial 3rd"]
[Site "Barcelona"]
[Date "2018.06.02"]
[Round "9"]
[White "Castrillo Mansego, Pablo"]
[Black "Rodriguez Regull, German"]
[Result "1-0"]
[WhiteElo "1990"]
[BlackElo "2017"]
[PlyCount "91"]
[EventDate "2018.04.07"]
[EventType "swiss"]
[EventRounds "9"]
[EventCountry "ESP"]
[SourceTitle "CBM 184 Extra"]
[Source "ChessBase"]
[SourceDate "2018.06.28"]
[SourceVersion "1"]
[SourceVersionDate "2018.06.28"]
[SourceQuality "1"]

1. e4 Nf6 2. e5 Nd5 3. c4 Nb6 4. d4 d6 5. f4 dxe5 6. fxe5 Nc6 7. Be3 Bf5 8. Nc3 e6 9. Nf3 Be7 10. Be2 0-0 11. 0-0 f6 12. Nh4 fxe5 13. Nxf5 exf5 14. d5 Nd4 15. Bxd4 exd4 16. Qxd4 Nd7 17. Kh1 Bd6 18. Bd3 Be5 19. Qf2 g6 20. Ne2 Nf6 21. Nf4 Ng4 22. Qe2 Re8 23. Qf3 b6 24. Rae1 Qd6 25. h3 Nf6 26. Ne6 Nh5 27. g4 Ng3+ 28. Kg2 Nxf1 29. Rxf1 f4 30. h4 Qe7 31. h5 gxh5 32. Rh1 h4 33. g5 Qb4 34. Rxh4 Qd2+ 35. Kh3 Re7 36. d6 Rxe6 37. Qxa8+ Kf7 38. Rxh7+ Bg7 39. g6+ Kf6 40. Qd8+ Ke5 41. Qg5+ Kd4 42. Qd5+ Ke3 43. Qxe6+ Kxd3 44. Rxg7 Qf2 45. Qd5+ Kc2 46. Qg2 1-0

[Event "Barcelona Ponce Memorial 3rd"]
[Site "Barcelona"]
[Date "2018.05.19"]
[Round "7"]
[White "Rodriguez Regull, German"]
[Black "Daguro Dasalla, Armando"]
[Result "0-1"]
[WhiteElo "2017"]
[BlackElo "1944"]
[PlyCount "170"]
[EventDate "2018.04.07"]
[EventType "swiss"]
[EventRounds "9"]
[EventCountry "ESP"]
[SourceTitle "CBM 184 Extra"]
[Source "ChessBase"]
[SourceDate "2018.06.28"]
[SourceVersion "1"]
[SourceVersionDate "2018.06.28"]
[SourceQuality "1"]

1. e4 e5 2. Nf3 Nf6 3. Nc3 d6 4. d4 Nbd7 5. Bc4 Be7 6. 0-0 0-0 7. Bb3 a6 8. a4 h6 9. h3 Rb8 10. a5 b6 11. axb6 cxb6 12. dxe5 dxe5 13. Qe2 Qc7 14. Nh4 Nc5 15. Bd5 Ne6 16. Nf5 Nd4 17. Qd3 Nxf5 18. exf5 Rd8 19. Qf3 b5 20. Bb3 Bb7 21. Qg3 Kf8 22. Be3 Nh5 23. Qg4 Nf4 24. Bxf4 exf4 25. Rad1 Bf6 26. Rfe1 Bc6 27. Rxd8+ Rxd8 28. Rd1 Qb7 29. Rxd8+ Bxd8 30. Qd1 Qc7 31. f3 Bf6 32. Qd2 Qe5 33. Ne2 Qe3+ 34. Qxe3 fxe3 35. c3 a5 36. Kf1 b4 37. Bc4 Ke7 38. Nd4 Bxd4 39. cxd4 Kd6 40. Ke2 Bd5 41. Bb5 Bb3 42. Kxe3 a4 43. Kd3 f6 44. Be8 a3 45. bxa3 bxa3 46. Kc3 Bg8 47. Ba4 a2 48. Kb2 Bc4 49. g3 Kd5 50. Bc2 Kxd4 51. h4 Bd5 52. Bd1 Ke3 53. f4 Bf3 54. Bc2 Bg4 55. Kxa2 Kf2 56. Kb3 Kxg3 57. Kc3 Kxf4 58. Kd2 Bxf5 59. Bd1 g5 60. hxg5 hxg5 61. Ke1 Bg4 62. Bc2 Bh3 63. Kf2 g4 64. Ba4 g3+ 65. Kg1 Be6 66. Bc6 f5 67. Kg2 Kg4 68. Bf3+ Kh4 69. Bb7 f4 70. Kf3 Bg4+ 71. Kxf4 Kh3 72. Bd5 Bd1 73. Ke3 Kh2 74. Be4 Bg4 75. Kf4 Bh3 76. Bd5 Bg2 77. Bc4 Bb7 78. Bf1 Ba6 79. Bxa6 g2 80. Bb7 g1Q 81. Bf3 Qd4+ 82. Be4 Kg1 83. Kf3 Qf2+ 84. Kg4 Kh2 85. Bd5 Qd4+ 0-1

[Event "Barcelona Ponce Memorial 3rd"]
[Site "Barcelona"]
[Date "2018.05.12"]
[Round "6"]
[White "Gomez Pardo Criado, Juan Antonio"]
[Black "Rodriguez Regull, German"]
[Result "0-1"]
[WhiteElo "1736"]
[BlackElo "2017"]
[PlyCount "62"]
[EventDate "2018.04.07"]
[EventType "swiss"]
[EventRounds "9"]
[EventCountry "ESP"]
[SourceTitle "CBM 184 Extra"]
[Source "ChessBase"]
[SourceDate "2018.06.28"]
[SourceVersion "1"]
[SourceVersionDate "2018.06.28"]
[SourceQuality "1"]

1. e4 b6 2. d4 Bb7 3. Nc3 e6 4. Nf3 Bb4 5. Bd3 Nf6 6. Qe2 d5 7. e5 Ne4 8. Bd2 Nxd2 9. Qxd2 h6 10. a3 Be7 11. 0-0 c5 12. Bb5+ Nc6 13. Ne2 0-0 14. Bxc6 Bxc6 15. c3 Bb5 16. Rfe1 Ba4 17. Ng3 Rc8 18. Rac1 a5 19. Qf4 c4 20. Qg4 Kh7 21. Nh5 Rg8 22. Qf4 Be8 23. Ng3 b5 24. Ra1 Rb8 25. Ne2 f5 26. h4 Bh5 27. g3 g5 28. hxg5 hxg5 29. Qe3 f4 30. Nxf4 gxf4 31. Qxf4 Rf8 0-1

[Event "Hospitalet de Llobregat Ponce 3rd"]
[Site "Hospitalet de Llobregat"]
[Date "2017.04.01"]
[Round "1"]
[White "Tortosa Moros, Joan"]
[Black "Rodriguez Regull, German"]
[Result "1/2-1/2"]
[WhiteElo "1590"]
[BlackElo "2018"]
[PlyCount "119"]
[EventDate "2017.04.01"]
[EventType "swiss"]
[EventRounds "9"]
[EventCountry "ESP"]
[SourceTitle "EXT 2018"]
[Source "ChessBase"]
[SourceDate "2017.10.13"]
[SourceVersion "1"]
[SourceVersionDate "2017.10.13"]
[SourceQuality "1"]

1. e4 Nf6 2. e5 Nd5 3. d4 d6 4. c4 Nb6 5. exd6 cxd6 6. Nc3 g6 7. Be3 Bg7 8. Rc1 0-0 9. b3 f5 10. Qd2 e5 11. dxe5 dxe5 12. Qxd8 Rxd8 13. c5 f4 14. Bd2 N6d7 15. Bc4+ Kh8 16. Ne4 h6 17. Nf3 Nc6 18. b4 a6 19. Nd6 Kh7 20. 0-0 Nf8 21. Rfe1 Rb8 22. Nf7 Be6 23. Nxd8 Rxd8 24. Bxe6 Nxe6 25. Bc3 Ned4 26. Nd2 Nb5 27. Ne4 Nxc3 28. Nxc3 Nxb4 29. Rb1 Rd4 30. Re4 Rd3 31. Rexb4 Rxc3 32. Rxb7 Rxc5 33. Kf1 h5 34. R7b6 Ra5 35. R1b2 e4 36. Re2 Ra4 37. Rc6 f3 38. gxf3 exf3 39. Rec2 a5 40. R2c3 Rf4 41. Ra3 Rf5 42. Rc7 Kh6 43. Ra7 g5 44. R7xa5 Rf7 45. Ra6+ Kh7 46. Rd3 Be5 47. h3 g4 48. hxg4 hxg4 49. a4 Rc7 50. Rd1 Kg7 51. Re6 Rc5 52. Re7+ Kf6 53. Rb7 Ra5 54. Rb6+ Kf5 55. Rb4 Ra7 56. Rd5 Ke6 57. Rbb5 Bd6 58. Rg5 Rxa4 59. Rb1 Kf6 60. Rg8 1/2-1/2

[Event "Llobregat Garcia Memorial 7th"]
[Site "Llobregat"]
[Date "2016.05.14"]
[Round "6"]
[White "Rivera Padron, Joaquin"]
[Black "Rodriguez Regull, German"]
[Result "1-0"]
[WhiteElo "1731"]
[BlackElo "2017"]
[PlyCount "71"]
[EventDate "2016.04.09"]
[EventType "swiss"]
[EventRounds "9"]
[EventCountry "ESP"]
[SourceTitle "EXT 2017"]
[Source "ChessBase"]
[SourceDate "2016.10.25"]
[SourceVersion "1"]
[SourceVersionDate "2016.10.25"]
[SourceQuality "1"]

1. e4 Nf6 2. e5 Nd5 3. d4 d6 4. c4 Nb6 5. f4 dxe5 6. fxe5 Nc6 7. Be3 Bf5 8. Nc3 e6 9. Nf3 Be7 10. Bd3 Bg6 11. Qe2 Bb4 12. a3 Bxc3+ 13. bxc3 Na5 14. 0-0 0-0 15. Bxg6 hxg6 16. Bg5 Qd7 17. Nd2 Qc6 18. c5 Nd7 19. Rf3 f6 20. exf6 gxf6 21. Bh6 Rf7 22. Raf1 Rh7 23. Qe3 b6 24. Rxf6 Nxf6 25. Rxf6 Re8 26. Rxg6+ Kf7 27. Qg5 Re7 28. Rg8 e5 29. Rf8+ Ke6 30. Qf5+ Kd5 31. Rd8+ Qd7 32. Qe4+ Ke6 33. Qxe5+ Kf7 34. Rxd7 Rxd7 35. Qf5+ Ke8 36. Qf8# 1-0

[Event "Barcelona Catalunya op 26th"]
[Site "Barcelona"]
[Date "2014.11.15"]
[Round "7"]
[White "Rodriguez Regull, German"]
[Black "Ribes Colom, Jose Maria"]
[Result "1-0"]
[WhiteElo "2152"]
[BlackElo "1853"]
[PlyCount "49"]
[EventDate "2014.09.27"]
[EventType "swiss"]
[EventRounds "9"]
[EventCountry "ESP"]
[SourceTitle "EXT 2017"]
[Source "ChessBase"]
[SourceDate "2016.10.25"]
[SourceVersion "1"]
[SourceVersionDate "2016.10.25"]
[SourceQuality "1"]

1. e4 e6 2. Qe2 e5 3. Nf3 Nc6 4. c3 d5 5. d3 Bg4 6. Nbd2 Nf6 7. g3 Be7 8. Bg2 0-0 9. h3 Be6 10. g4 dxe4 11. dxe4 Re8 12. Nf1 Nd7 13. Be3 f6 14. Ng3 Bf8 15. 0-0 Qe7 16. Nf5 Qf7 17. b3 Red8 18. Kh1 Nb6 19. g5 Ne7 20. N3h4 c6 21. c4 Nxc4 22. gxf6 Nxe3 23. fxe7 Nxf1 24. exd8Q Rxd8 25. Rxf1 1-0